Γραπτά και ρήσεις για την τέχνη
Αποθηκεύτηκε σε:
| Κύριος συγγραφέας: | |
|---|---|
| Μορφή: | Βιβλίο |
| Γλώσσα: | Greek French |
| Δημοσίευση: |
Αθήνα :
Νεφέλη,
c1999
|
| Σειρά: | Βιβλιοθήκη της τέχνης
|
| Θέματα: | |
| Ετικέτες: |
Προσθήκη ετικέτας
Δεν υπάρχουν, Καταχωρήστε ετικέτα πρώτοι!
|
MARC
| LEADER | 00000nam a2200000 i 4500 | ||
|---|---|---|---|
| 001 | 1/91986 | ||
| 008 | 080818s1999 gre d | ||
| 020 | |a 960-211-473-8 | ||
| 035 | |l 10099432 | ||
| 040 | |a GR-MY-UA |b gre |e aacr | ||
| 041 | 1 | |a gre |h fre | |
| 082 | 0 | |a 701.18 |2 (22) | |
| 100 | 1 | |a Matisse, Henri, |d 1869-1954. | |
| 245 | 1 | 0 | |a Γραπτά και ρήσεις για την τέχνη / |c Henri Matisse ; μετάφραση: Μαριλένα Καρρά |
| 260 | |a Αθήνα : |b Νεφέλη, |c c1999 | ||
| 300 | |a 335 σ.; |c 24 εκ. | ||
| 490 | 1 | |a Βιβλιοθήκη της τέχνης (Νεφέλη) | |
| 500 | |a Τίτλος πρωτοτύπου: Ecrits et propos sur l'art | ||
| 504 | |a Βιβλιογραφία: σ. [329]-331. | ||
| 600 | 1 | 0 | |a Matisse, Henri, |d 1869-1954 |x Interviews. |
| 600 | 1 | 0 | |a Matisse, Henri, |d 1869-1954 |x Correspondence. |
| 650 | 0 | 0 | |a Art |x Philosophy. |
| 830 | 0 | |a Βιβλιοθήκη της τέχνης | |
| 852 | |a INST |b SYROS |e 20080818 |h 701.18 MAT |p 005500005575 |q 005500005575 |t BK |y 0 | ||
| 901 | |a BIBL5-2008-2 | ||
| 909 | |a Ε |b 138391 | ||
| 922 | |a 5ΕΛΗ |b 200708 |c ΕΠΕΑΕΚ2/ΤΜΣΠΣ |d Σ. ΠΑΤΑΚΗΣ | ||
| 970 | |a ΚΑΓΙΑΒΑ |b ΕΙΡΗΝΗ |z 2008/08/18 | ||